000 00274nam a2200121 i 4500
001 bg
245 0 _aSbornik zadać po soprotivleniju materialov.
260 _aMoskva,
_c1970.
040 _cBPK
041 _apol
942 _cKS
008 s pl f |000 0 pol
999 _c13484
_d13484
856 _uhttp://koha.tu.koszalin.pl/cgi-bin/koha/opac-detail.pl?biblionumber=13484
_yKatalog online BPK